000 00585nam a2200217Ia 4500
005 20250508165224.0
008 008 250505s9999 xx 000 0 eng d
020 _a81-85604-91-6
037 _aTextBook
040 _aFEDL
_beng
_cFEDL
041 _aeng
_2eng
084 _a370.15, AGG/R
_qFEDL
100 _aAggarwal J C
245 0 _aEssentials of education psychology
250 _a2
260 _aNoida, India
_bVikas Publishing House Pvt. Ltd.
_c2007
300 _a596p.
365 _aINR
_b385
942 _cTB
_h370.15, AGG/R
999 _c1393904
_d1393904